000 01146nam a2200253 a 4500
999 _c11161
_d11161
001 11161
003 BD-JhCC
005 20190806180306.0
008 190604b20082016bg a|||| ||a| 000 0 ben d
020 _a9846371551
035 _a(BD-JhCC)11161
040 _aBD-JhCC
_dBD-JhCC
041 _aben
082 _a510.76
_bMOJ 2016
245 _aমজার গণিত ও গণিত অলিম্পিয়াড /
_cসম্পাদনা: প্রফেসর এন সি বসাক, কাউছার হাবিব ভূঁইয়া, শাহরিতাজ সরকার ।
260 _aঢাকা:
_bবিজ্ঞান একাডেমী;
_c২০১৬.
300 _a৮৭ পৃঃ . : ভিন্ন পৃঃ( i-viii)৯-১২, a-d,(১-৮),(2013 a-d),(2014 a-d),(2015 a-d). :
_bill;
_c২৬ সেমি.
650 _amathematics
650 _aInternational Math Olympiad
700 _a বসাক, প্রফেসর এন সি
700 _a ভূঁইয়া, কাউছার হাবিব
700 _aসরকার, শাহরিতাজ
942 _2ddc
_cBK